[Event "Majdanpek"]
[Site "Majdanpek"]
[Date "1976.??.??"]
[Round "10"]
[White "Janosevic, Dragoljub"]
[Black "Matulovic, Milan"]
[Result "1/2-1/2"]
[WhiteElo "2435"]
[BlackElo "2505"]

1.e4 c5 2.Nf3 Nc6 3.d4 cxd4 4.Nxd4 Qc7 5.Nc3 e6 6.Be2 a6 7.O-O Nf6 8.Kh1 Nxd4
9.Qxd4 Bc5 10.Qd3 b5 11.f4 h5 12.Be3 Bxe3 13.Qxe3 b4 14.Na4 Bb7 15.Bd3 h4
16.h3 Bc6 17.Nc5 d6 18.Nb3 Qa7 19.Qe1 a5 20.a3 bxa3 21.Rxa3 a4 22.Nd2 Qb8
23.Nc4 d5 24.exd5 Bxd5 25.Qe5 O-O 26.Rfa1 Rc8 27.Ne3 Bc6 28.Nc4 Qxe5 29.fxe5 Nd7
30.Rf1 Rcb8 31.Rf4 Bd5 32.Rxh4 Bxc4 33.Rxc4 Nxe5 34.Rcxa4 Rxa4  1/2-1/2

[Event "Birmingham"]
[Site "Birmingham"]
[Date "1977.??.??"]
[Round "3"]
[White "Povah, Nigel E"]
[Black "Gasic, Bozidar"]
[Result "0-1"]
[WhiteElo "2320"]
[BlackElo "2335"]

1.e4 c5 2.Nf3 Nc6 3.d4 cxd4 4.Nxd4 Qc7 5.Nc3 e6 6.Be3 a6 7.f4 b5 8.Nb3 d6
9.Qf3 Nf6 10.Bd3 Be7 11.O-O Bb7 12.Rae1 Nb4 13.Nd4 Nxd3 14.cxd3 g6 15.Qh3 e5
16.fxe5 dxe5 17.Nf3 O-O 18.Qg3 Nd7 19.Rc1 Qd6 20.Nh4 Bxh4 21.Qxh4 f6 22.a3 Rf7
23.Qh3 Nf8 24.Rfd1 Ne6 25.Ne2 Rd8 26.b4 f5 27.Nc3 f4 28.Bf2 f3 29.g3 Nd4
30.Qf1 Rdf8 31.Kh1 Qe6 32.Nb1 Ne2 33.Rc5 Bc8 34.h4 g5 35.d4 gxh4 36.gxh4 Qg4
37.Kh2 Rf4 38.Rxc8 Qxc8 39.dxe5 Rg4  0-1

[Event "Birmingham"]
[Site "Birmingham"]
[Date "1977.??.??"]
[Round "9"]
[White "Kagan, Shimon"]
[Black "Gasic, Bozidar"]
[Result "1-0"]
[WhiteElo "2440"]
[BlackElo "2335"]

1.e4 c5 2.Nf3 Nc6 3.d4 cxd4 4.Nxd4 Qc7 5.Nc3 e6 6.g3 a6 7.Bg2 d6 8.O-O Bd7
9.b3 Nxd4 10.Qxd4 Be7 11.Bb2 Bf6 12.Qe3 Rc8 13.Nd1 Bxb2 14.Nxb2 Nf6 15.c4 O-O
16.Rfd1 Bc6 17.b4 b5 18.Rac1 Qb7 19.Rxd6 Bxe4 20.Rb6 Qa7 21.Bxe4 Nxe4 22.c5 Nf6
23.Rd6 h6 24.Qa3 Ra8 25.Qa5 Rfc8 26.Rcd1 Nd5 27.Nd3 Qc7 28.Qxc7 Rxc7 29.a3 a5
30.Nf4 axb4 31.Nxd5 exd5 32.axb4 Ra4 33.Rd8+ Kh7 34.Rd4 Rxc5 35.Rf4 Rc1+
36.Kg2 Ra7 37.Rxd5 Rb7 38.Kf3 Re1 39.Rff5 Rb1 40.Rd4 Rb3+ 41.Ke4 g6 42.Rf4 Kg7
43.h4 h5 44.Ke5 Rb2 45.Rd5 Kh6 46.Rdd4 Rc2 47.Ke4 Rcc7 48.Rd5 Rb8 49.Kd3 Rbb7
50.Rc5 Re7 51.Re4 Red7+ 52.Rd4 Re7 53.Rdd5 Re1 54.Rxb5 Rxb5 55.Rxb5 Rf1 56.Rd5 Rxf2
57.Kc4 Rc2+ 58.Kb3 Rg2 59.Rd3 Rg1 60.b5 g5 61.hxg5+ Kg6 62.Kb4 Kxg5 63.b6 Re1
64.Rd4 f5 65.Kb5 Re5+ 66.Ka6 Re6 67.Rb4 f4 68.Rxf4 Re3 69.Rb4  1-0

[Event "Birmingham"]
[Site "Birmingham"]
[Date "1977.??.??"]
[Round "10"]
[White "Kagan, Shimon"]
[Black "Damjanovic, Mato"]
[Result "1/2-1/2"]
[WhiteElo "2440"]
[BlackElo "2430"]

1.e4 c5 2.Nf3 Nc6 3.d4 cxd4 4.Nxd4 Qc7 5.Nc3 e6 6.g3 a6 7.Bg2 d6 8.O-O Bd7
9.Nde2 Nf6 10.h3 b5 11.b3 Rc8 12.Bb2 Be7 13.Rc1 O-O 14.Nf4 Rfd8 15.Qd2 Be8
16.Rfd1 Ne5 17.Nd3 Bc6 18.f4 Ng6 19.Qe2 e5 20.f5 Nf8 21.g4 h6 22.Nb1 N8h7
23.Nd2 Re8 24.Kh1 Nd7 25.Nb4 a5 26.Nxc6 Qxc6 27.c4 b4 28.Nf1 Nc5 29.Ne3 Bg5
30.Rc2 Nf6 31.Nd5 Nxd5 32.Rxd5 a4 33.Qd1 axb3 34.axb3 Rf8 35.Rf2 Ra8 36.Rf1 Qb6
37.Qc2 Ra5 38.Rfd1 Nb7 39.Bc1 Rxd5 40.exd5 Ra8 41.Bxg5 hxg5 42.f6 Qe3 43.fxg7 Nc5
44.Rf1 e4 45.Qb2 Qc3 46.Qxc3 bxc3 47.b4 Nb3 48.c5 c2 49.Bxe4 c1=Q 50.Rxc1 Nxc1
51.c6 Rb8 52.Bf5 Rxb4 53.c7 Rc4 54.c8=Q+ Rxc8 55.Bxc8 Kxg7 56.Ba6 Na2 57.Kg2 Nc3
58.Bc4 Kf6 59.Kg3 Ne4+ 60.Kg2 Ke5 61.Bb3 f6 62.Bc4 Kf4 63.Bb5 Nd2 64.Kf2 Nf3
65.Be2 Ne5 66.Bb5 Ke4 67.Bc6 Ng6 68.Kg3 Ke5 69.Bb7 Ke4 70.Bc6 Ke3 71.Bb7 Ne7
72.h4 Ng8 73.Bc6 Nh6 74.Bb7 Kd3 75.Bc6  1/2-1/2

[Event "Birmingham"]
[Site "Birmingham"]
[Date "1977.??.??"]
[Round "11"]
[White "Botterill, George Steven"]
[Black "Kagan, Shimon"]
[Result "1-0"]
[WhiteElo "2350"]
[BlackElo "2440"]

1.e4 c5 2.Nf3 Nc6 3.d4 cxd4 4.Nxd4 Qc7 5.Nc3 e6 6.Be3 a6 7.Be2 Nf6 8.O-O b5
9.a3 Bb7 10.f4 Na5 11.Bf3 Nc4 12.Bc1 Nb6 13.Kh1 d6 14.Qe1 Be7 15.b3 g6 16.Bb2 O-O-O
17.Ndxb5 axb5 18.Nxb5 Qb8 19.Qa5 Bxe4 20.Bxf6 Bxf6 21.Bxe4 d5 22.Bd3 Bxa1
23.Na7+ Kc7 24.Rxa1 Qa8 25.Qc5+ Kb7 26.Nc6 Qc8 27.Nxd8+ Rxd8 28.Qb4 Qc6 29.a4 Kc7
30.Qd4 Nd7 31.b4 Qb6 32.Qc3+ Kb8 33.a5 Qc7 34.Qd4 Rc8 35.Ra3 Ka8 36.Ba6 Rb8
37.Rc3 Qa7 38.Qxa7+ Kxa7 39.b5 Rd8 40.Rc7+ Kb8 41.b6 Nf6 42.Rb7+ Ka8 43.Rxf7 Nd7
44.Bb5  1-0

[Event "Birmingham"]
[Site "Birmingham"]
[Date "1977.??.??"]
[Round "11"]
[White "Damjanovic, Mato"]
[Black "Gasic, Bozidar"]
[Result "1/2-1/2"]
[WhiteElo "2430"]
[BlackElo "2335"]

1.e4 c5 2.Nf3 Nc6 3.d4 cxd4 4.Nxd4 Qc7 5.Nc3 e6 6.g3 a6 7.Bg2 d6 8.O-O Bd7
9.Nxc6 Bxc6 10.a4 Be7 11.a5 Nf6 12.Be3 Nd7 13.Na4 Rc8 14.Nb6 Nxb6 15.Bxb6 Qb8
16.c4 O-O 17.Qb3 Rce8 18.Rfd1 f5 19.c5 dxc5 20.exf5 Bxg2 21.Kxg2 Qc8 22.Qxe6+ Qxe6
23.fxe6 Rf6 24.Rd7 Rxe6 25.Rxb7 Re2  1/2-1/2

[Event "Concordia"]
[Site "Hamburg"]
[Date "1977.??.??"]
[Round "7"]
[White "Popovych, Orest"]
[Black "Matulovic, Milan"]
[Result "1-0"]
[WhiteElo "2370"]
[BlackElo "2510"]

1.e4 c5 2.Nf3 Nc6 3.d4 cxd4 4.Nxd4 Qc7 5.Nc3 e6 6.g3 a6 7.Bg2 Nf6 8.O-O Be7
9.Re1 Nxd4 10.Qxd4 Bc5 11.Bf4 d6 12.Qd2 Ng4 13.Re2 Bd7 14.b4 Bxf2+ 15.Rxf2 Qb6
16.Bxd6 Qxf2+ 17.Qxf2 Nxf2 18.Kxf2 Rc8 19.Ne2 Rxc2 20.Rc1 Rxc1 21.Nxc1 Bc6
22.Nd3 f6 23.Nc5 Kf7 24.Bh3 Re8 25.Ke3 h5 26.Bf1 Rd8 27.Bc7 Rc8 28.Bb6 Bb5
29.Nxb7 Rc3+ 30.Kd4 Ra3 31.Nd6+ Ke7 32.Nxb5 axb5 33.Bxb5 Rxa2 34.Bc5+ Kd8
35.Bc4 Rxh2 36.Bxe6 Rg2 37.Bd6 Rd2+ 38.Kc5 Rc2+ 39.Kd5 g5 40.b5 Rd2+ 41.Kc6 Rc2+
42.Bc5 h4 43.gxh4 gxh4 44.b6 Rc3 45.b7 Rxc5+ 46.Kxc5 Kc7 47.b8=Q+ Kxb8 48.Kb6 Ka8
49.Bh3 Kb8 50.Kc6 Ka7  1-0

[Event "Concordia"]
[Site "Hamburg"]
[Date "1977.??.??"]
[Round "9"]
[White "Bednarski, Jacek B"]
[Black "Matulovic, Milan"]
[Result "0-1"]
[WhiteElo "2400"]
[BlackElo "2510"]

1.e4 c5 2.Nf3 Nc6 3.d4 cxd4 4.Nxd4 Qc7 5.Nc3 e6 6.Be2 a6 7.O-O Nf6 8.Be3 Bb4
9.Na4 Bd6 10.Nxc6 bxc6 11.f4 Nxe4 12.Nb6 Rb8 13.Nxc8 Rxc8 14.Bxa6 Rb8 15.Bd3 Nf6
16.b3 e5 17.c4 c5 18.Qe1 O-O 19.Qh4 Rfe8 20.fxe5 Bxe5 21.Rxf6 Bxf6 22.Qxh7+ Kf8
23.Re1 Re5 24.Be4 Rbe8 25.Bf4 R8e6 26.Rf1 Ke7 27.Bd5 Re1 28.Rxe1 Rxe1+ 29.Kf2 Qa5
30.Qg8 Re6 31.Bxe6 Qxa2+ 32.Kf1 fxe6 33.Qb8 Qb1+ 34.Ke2 Qe4+ 35.Kf1 Qd3+
36.Ke1 g5 37.Bg3 Bc3+ 38.Kf2 Qd2+ 39.Kf3 Qd1+  0-1

[Event "Yerevan"]
[Site "Yerevan"]
[Date "1977.??.??"]
[Round "9"]
[White "Mnatsakanian, Eduard A"]
[Black "Arutiunov, Albert"]
[Result "1-0"]
[WhiteElo "2425"]
[BlackElo "2200"]

1.e4 c5 2.Nf3 Nc6 3.d4 cxd4 4.Nxd4 Qc7 5.Nc3 e6 6.g3 a6 7.Bg2 d6 8.O-O Bd7
9.b3 Nf6 10.Bb2 Be7 11.Nde2 O-O 12.h3 Ne5 13.f4 Ng6 14.a4 Rac8 15.Kh2 b5
16.axb5 axb5 17.Ba3 d5 18.Bxe7 Nxe7 19.e5 Ne4 20.Nxe4 dxe4 21.Bxe4 Bc6 22.Bd3 Nf5
23.Qd2 Qb6 24.Qa5 Qe3 25.Qa7 Rfd8 26.Qxe3 Nxe3 27.Rf2 h5 28.Kg1 b4 29.Re1 Bb7
30.Nc1 Nf5 31.g4 Nd4 32.Re3 h4 33.Na2 Ra8 34.Nxb4 Ra3 35.Be4 Ra1+ 36.Kg2 Bxe4+
37.Rxe4 Nb5 38.Nd3 Nc3 39.Re1 Ra2 40.Nb4 Rb2 41.Ra1 Rd4 42.Nd3 Rb1 43.Rxb1 Nxb1
44.Kf3 Nc3 45.Ke3 Rd8 46.Rf1  1-0

[Event "JUG-ch"]
[Site "Zagreb"]
[Date "1977.??.??"]
[Round "6"]
[White "Barle, Janez"]
[Black "Janosevic, Dragoljub"]
[Result "1-0"]
[WhiteElo "2450"]
[BlackElo "2435"]

1.e4 c5 2.Nf3 Nc6 3.d4 cxd4 4.Nxd4 Qc7 5.Nc3 e6 6.Be2 a6 7.O-O Nf6 8.Kh1 d6
9.f4 Bd7 10.a4 Be7 11.Be3 O-O 12.Qe1 Nxd4 13.Bxd4 Bc6 14.Qg3 g6 15.f5 e5
16.Be3 Kh8 17.Bg5 Qd8 18.Qh4 gxf5 19.Rxf5 Ng8 20.Raf1 Bxg5 21.Rxg5 f5 22.Bc4 f4
23.Bxg8 Rxg8 24.Rxg8+ Kxg8 25.Qg4+ Kh8 26.Qe6 Qf8 27.Rd1 Rd8 28.Rd3 Be8 29.a5 Bg6
30.Kg1 Kg7 31.Qb3 Rd7 32.Qb4 Qd8 33.Na4 Qg5 34.Nc5 Re7 35.Nxb7 Rf7 36.h4 Qg4
37.Nxd6 f3 38.Rd2 Rf4 39.Qb7+ Kh6 40.Qxa6 fxg2 41.Nf5+ Kh5  1-0

[Event "JUG-ch"]
[Site "Zagreb"]
[Date "1977.??.??"]
[Round "9"]
[White "Minic, Dragoljub"]
[Black "Janosevic, Dragoljub"]
[Result "1/2-1/2"]
[WhiteElo "2470"]
[BlackElo "2435"]

1.e4 c5 2.Nf3 Nc6 3.d4 cxd4 4.Nxd4 Qc7 5.Nc3 e6 6.Be2 a6 7.f4 b5 8.Nxc6 Qxc6
9.Bf3 Bb7 10.Be3 Qc7 11.Qd3 Nf6 12.O-O d6 13.Bd4 e5 14.Be3 Be7 15.a4 b4 16.Nd5 Bxd5
17.exd5 Nd7 18.Rfc1 exf4 19.Bxf4 O-O 20.c3 Bf6 21.Be4 g6 22.Qf3 bxc3 23.bxc3 Be5
24.Bh6 f5 25.Bd3 Bg7 26.Bxg7 Kxg7 27.Kh1 Qc5 28.Rab1 Ra7 29.Qf1 Ne5 30.Bxa6 f4
31.Qb5 Qf2 32.Qb6 Ng4 33.Qxa7+ Qxa7 34.Rb7+ Qxb7 35.Bxb7 f3 36.gxf3 Rxf3
37.a5 Rf2 38.Ra1 Nxh2 39.Kg1 Rd2 40.a6 Nf3+ 41.Kf1  1/2-1/2

[Event "IBM-B"]
[Site "Amsterdam"]
[Date "1978.??.??"]
[Round "4"]
[White "Borm, Franciscus WM"]
[Black "Janosevic, Dragoljub"]
[Result "1-0"]
[WhiteElo "2260"]
[BlackElo "2455"]

1.e4 c5 2.Nf3 Nc6 3.d4 cxd4 4.Nxd4 Qc7 5.Nc3 e6 6.Be2 a6 7.O-O Nf6 8.Kh1 d6
9.f4 Bd7 10.Nf3 Be7 11.e5 dxe5 12.fxe5 Ng4 13.Bf4 Ngxe5 14.Nxe5 Nxe5 15.Qe1 f6
16.Rd1 O-O 17.Qg3 Rad8 18.Bh6 Rf7 19.Bh5 g6 20.Rde1 Bf8 21.Bf4 Bg7 22.Bg4 Bc8
23.h4 Qe7 24.Be2 Nc6 25.h5 g5 26.Be3 h6 27.Bb6 Re8 28.Ne4 f5 29.Bc5 Qc7 30.Qxc7 Rxc7
31.Nd6 Rd8 32.Bb6 Rxd6 33.Bxc7 Rd2 34.Bd3 Bxb2 35.Bb6 Bc3 36.Rd1 Rxd1 37.Rxd1 Kf7
38.Be2 Ne5 39.Rd8 Bd7 40.Bc7 Bc6 41.Bd6 g4 42.Rf8+ Kg7 43.Rc8 Nf7 44.Bf8+ Kf6
45.Bxa6 Be5 46.Be2 Kg5 47.Bc4 Nd6 48.Bxd6 Bxd6 49.Bxe6 Be4 50.c4 Kf4 51.Bd5 Ke3
52.Rd8 Bf4 53.Rd7 b6 54.Rb7 Kd4 55.Rxb6 Bxd5 56.cxd5 Kxd5 57.Rb5+ Ke4 58.a4 Be3
59.a5 f4 60.a6 f3 61.gxf3+ gxf3 62.Rb7  1-0

[Event "IBM-B"]
[Site "Amsterdam"]
[Date "1978.??.??"]
[Round "8"]
[White "Taulbut, Shaun M"]
[Black "Janosevic, Dragoljub"]
[Result "0-1"]
[WhiteElo "2405"]
[BlackElo "2455"]

1.e4 c5 2.Nf3 Nc6 3.d4 cxd4 4.Nxd4 Qc7 5.Nc3 e6 6.g3 a6 7.Bg2 Nf6 8.O-O Be7
9.Re1 O-O 10.Nxc6 dxc6 11.e5 Rd8 12.Qe2 Nd5 13.Nxd5 cxd5 14.c3 Bd7 15.Qg4 Bb5
16.Bg5 Bd3 17.Rad1 Bg6 18.h4 Bxg5 19.Qxg5 h6 20.Qf4 b5 21.Rd4 Rab8 22.g4 Qe7
23.h5 Bh7 24.a3 a5 25.Re3 Rdc8 26.Re2 Rc4 27.Red2 Qg5 28.Qxg5 hxg5 29.Bf1 Rxd4
30.Rxd4 Bc2 31.f4 gxf4 32.Rxf4 Be4 33.Bg2 g5 34.Rf1 Bd3 35.Re1 b4 36.cxb4 axb4
37.a4 Rc8 38.a5 Rc2 39.Bf1 Bxf1 40.Rxf1 Rxb2 41.a6 Ra2 42.Rb1 Rxa6 43.Rxb4 Ra7
44.Kf2 f6 45.Rb8+ Kg7 46.exf6+ Kxf6 47.Rg8 Rg7 48.Rxg7 Kxg7 49.Ke3 e5 50.Kd3 e4+
51.Ke3 Kf6 52.Kd4 Ke6 53.Ke3 Ke5 54.Kd2 d4 55.Ke2 e3 56.Kd3 Kf6 57.Ke2 Ke6
58.Kd3 Ke5 59.Ke2 Ke4 60.h6 d3+ 61.Ke1 Kf3 62.h7 d2+ 63.Kd1 Kf2 64.h8=Q e2+
65.Kxd2 e1=Q+ 66.Kc2 Qe2+ 67.Kb3 Qf3+ 68.Ka4 Qxg4+ 69.Ka5 Qf4 70.Qb2+ Kf3
71.Qb3+ Qe3 72.Qd5+ Kf2 73.Qf7+ Qf4 74.Qa2+ Kg3 75.Qa3+ Kg2 76.Qb2+ Kf3 77.Qb3+ Qe3
78.Qd5+ Kf2 79.Qf7+ Ke1 80.Qf5 Qd2+ 81.Ka6 Qe2+ 82.Kb7 g4 83.Qc5 Qf3+ 84.Kc8 g3
85.Qc1+ Kf2 86.Qd2+ Qe2 87.Qd4+ Qe3 88.Qb2+ Kf3 89.Qf6+ Qf4 90.Qc6+ Qe4 91.Qc3+ Kg4
92.Qg7+ Kh3 93.Qh6+ Qh4 94.Qe3 Qf6 95.Qd3 Qf8+ 96.Kc7 Qe7+ 97.Kc8 Kh2 98.Qd2+ Kh3
99.Qh6+ Qh4 100.Qe3 Qf6 101.Qd3 Qh8+ 102.Kc7 Qe5+ 103.Kc8 Kg4 104.Qg6+ Kf4
105.Qh6+ Ke4 106.Qc6+ Qd5 107.Qc2+ Kf4 108.Qc1+ Kg4 109.Qh6 Qf5+ 110.Kb7 Qf7+
111.Kc8 g2  0-1

[Event "IBM-B"]
[Site "Amsterdam"]
[Date "1978.??.??"]
[Round "12"]
[White "Ligterink, Gert"]
[Black "Janosevic, Dragoljub"]
[Result "0-1"]
[WhiteElo "2440"]
[BlackElo "2455"]

1.e4 c5 2.Nf3 Nc6 3.d4 cxd4 4.Nxd4 Qc7 5.Nc3 e6 6.g3 a6 7.Bg2 Nf6 8.O-O Be7
9.Re1 O-O 10.Nxc6 dxc6 11.e5 Rd8 12.Qe2 Nd5 13.Ne4 Qxe5 14.c4 Nf6 15.Bg5 Re8
16.Rad1 Nxe4 17.Bxe7 Qc7 18.Ba3 Nf6 19.Bd6 Qa5 20.Be5 Nd7 21.Bc3 Qg5 22.h4 Qe7
23.h5 h6 24.Be4 Nf8 25.Bc2 e5 26.Rd2 Qg5 27.Be4 f5 28.Bg2 f4 29.gxf4 exf4  0-1

[Event "JUG-ch"]
[Site "Belgrade"]
[Date "1978.??.??"]
[Round "?"]
[White "Ivanovic, Bozidar"]
[Black "Kurajica, Bojan"]
[Result "0-1"]
[WhiteElo "2460"]
[BlackElo "2530"]

1.e4 c5 2.Nf3 Nc6 3.d4 cxd4 4.Nxd4 Qc7 5.Nc3 e6 6.Be2 a6 7.O-O Nf6 8.Kh1 Bb4
9.Bg5 Bxc3 10.Bxf6 gxf6 11.bxc3 Ne7 12.Qd2 d5 13.Qh6 dxe4 14.Qxf6 Ng6 15.f3 e5
16.Nf5 Bxf5 17.Qxf5 e3 18.Rad1 O-O 19.Rd3 Rac8 20.Rxe3 Qb6 21.Re4 Rxc3 22.Bc4 Kg7
23.Bb3 Rc7 24.Rd1 Qf6 25.Qg4 h6 26.Rb4 h5 27.Qe4 Rd8 28.Rxd8 Qxd8 29.h4 Qf6
30.g3 b5 31.Bd5 Ne7 32.c4 Rd7 33.Rb3 bxc4 34.Bxc4 Nf5 35.Qe1 Nd4 36.Rd3 Nxf3
37.Qd1 Rxd3 38.Qxd3 a5 39.Bd5 Nd4 40.Kg2 Qd6 41.Qc4 Nf5 42.Kf3 Qa3+  0-1

[Event "Buenos Aires ol (Men)"]
[Site "Buenos Aires"]
[Date "1978.??.??"]
[Round "?"]
[White "Kavalek, Lubomir"]
[Black "Huebner, Robert"]
[Result "1-0"]
[WhiteElo "2570"]
[BlackElo "2595"]

1.e4 c5 2.Nf3 Nc6 3.d4 cxd4 4.Nxd4 Qb6 5.Nb3 Nf6 6.Nc3 e6 7.Bd3 Be7 8.Be3 Qc7
9.f4 d6 10.Qf3 a6 11.g4 b6 12.g5 Nd7 13.O-O-O Nc5 14.Kb1 Bd7 15.h4 Qb7 16.Be2 Na7
17.f5 Nb5 18.Bd4 Bc6 19.fxe6 Nxc3+ 20.Bxc3 Nxe6 21.Rhf1 O-O 22.Bd3 b5 23.a3 Nc5
24.Nxc5 dxc5 25.Qf5 Rae8 26.Bxg7 Bd7 27.Qe5 Bd8 28.Qd6 Kxg7 29.Qh6+ Kh8 30.e5 f5
31.exf6 Be6 32.Rde1 c4 33.Bg6 Rf7 34.Bxf7 Qxf7 35.g6 Qxg6 36.f7  1-0

[Event "Wch U20"]
[Site "Graz"]
[Date "1978.??.??"]
[Round "10"]
[White "Duer, Arne"]
[Black "Morovic Fernandez, Ivan"]
[Result "0-1"]
[WhiteElo "2365"]
[BlackElo "2200"]

1.e4 c5 2.Nf3 Nc6 3.d4 cxd4 4.Nxd4 Qc7 5.Nc3 e6 6.Be3 Nf6 7.Be2 a6 8.O-O Bb4
9.Na4 O-O 10.Nxc6 bxc6 11.Qd4 Rb8 12.c4 Bd6 13.g3 Rb4 14.Bd1 c5 15.Qd3 Bb7
16.Nc3 Be5 17.Bf3 Rxb2 18.Rac1 d6 19.Rfe1 Bc6 20.Bf4 Nd7 21.Bg2 Bd4 22.Ne2 e5
23.Be3 Rxa2 24.Rb1 Qa5 25.Red1 Ra3 26.Bd2 Rxd3 27.Bxa5 Rxd1+ 28.Rxd1 Rc8
29.Bh3 Kf8 30.Nc3 Ke7 31.Nd5+ Bxd5 32.exd5 Rb8 33.Rd2 Rb1+ 34.Kg2 Rc1 35.Ra2 Ra1
36.Rxa1 Bxa1 37.Kf3 g6 38.g4 Bb2 39.Ke4 Bc1 40.Bf1 Ba3 41.Be2 Bb4  0-1

[Event "Lone Pine op"]
[Site "Lone Pine"]
[Date "1978.??.??"]
[Round "8"]
[White "Taulbut, Shaun M"]
[Black "Janosevic, Dragoljub"]
[Result "0-1"]
[WhiteElo "2405"]
[BlackElo "2455"]

1.e4 c5 2.Nf3 Nc6 3.d4 cxd4 4.Nxd4 Qc7 5.Nc3 e6 6.g3 a6 7.Bg2 d6 8.O-O Bd7
9.Nxc6 bxc6 10.Na4 Rb8 11.c4 c5 12.Nc3 Be7 13.f4 Bf6 14.e5 dxe5 15.Ne4 Rb6
16.b4 Be7 17.fxe5 f5 18.Nd6+ Bxd6 19.exd6 Rxd6 20.Qh5+ Kf8 21.Bf4 cxb4 22.Rad1 e5
23.Bg5 h6 24.Bd8 Qc5+ 25.Kh1 g6 26.Qe2 Ba4 27.Rd5 Rxd5 28.cxd5 Bb5 29.Qf2 Qxf2
30.Rxf2 e4 31.Bb6 Nf6 32.Bd4 Kf7 33.Rc2 Ra8 34.Rc7+  0-1

[Event "Vilnius"]
[Site "Vilnius"]
[Date "1978.??.??"]
[Round "6"]
[White "Piesina, Gintautas"]
[Black "Damjanovic, Mato"]
[Result "0-1"]
[WhiteElo "2200"]
[BlackElo "2455"]

1.e4 c5 2.Nf3 Nc6 3.d4 cxd4 4.Nxd4 Qc7 5.Nc3 e6 6.Be3 a6 7.Bd3 Nf6 8.O-O b5
9.Nxc6 Qxc6 10.a3 Bb7 11.Qe2 Be7 12.f4 h5 13.e5 Ng4 14.Bd4 Bc5 15.Bxc5 Qxc5+
16.Kh1 Qe3 17.Qxe3 Nxe3 18.Rf2 Rc8 19.Be4 Bc6 20.Re2 Nc4 21.b3 Nb6 22.Rf1 g6
23.Rf3 Ke7 24.Kg1 Rhd8 25.Bxc6 Rxc6 26.Ne4 Rdc8 27.c3 R8c7 28.Rd2 Nd5 29.Rdd3 f5
30.exf6+ Nxf6 31.Nxf6 Kxf6 32.Kf2 a5 33.Ke2 d5 34.Rg3 a4 35.bxa4 bxa4 36.Rd4 Rxc3
37.Rxc3 Rxc3 38.Rxa4 Rc2+ 39.Kf3 Kf5 40.Ra6 Rc3+ 41.Ke2 Rc4 42.g3 Rc2+ 43.Kf3 Rxh2
44.Ra8 Kf6 45.Rf8+ Ke7 46.Rg8 Kf7 47.Ra8 Ra2 48.a4 Ra3+ 49.Kf2 d4 50.a5 Kf6
51.Rf8+ Ke7 52.Ra8 Kd6 53.Rg8 Rxa5 54.Rxg6 Rf5 55.Rh6 Kd5 56.Ke2 e5 57.fxe5 Rxe5+
58.Kd2 Rg5 59.Rh8 Ke4 60.Ke2 Ra5 61.Re8+ Kd5 62.Rd8+ Kc4 63.Rc8+ Kd5 64.Rd8+ Kc4
65.Rc8+ Rc5 66.Ra8 Re5+ 67.Kd2 Rb5 68.Rc8+ Kd5 69.Rh8 Ke4 70.Re8+ Kf3 71.Kd3 Rg5
72.Kxd4 Rxg3 73.Rf8+ Kg2 74.Rh8 Rg4+ 75.Ke5 h4 76.Ra8 h3 77.Kf5 Kg3 78.Ra3+ Kh4
79.Ra2 Rg8 80.Ra4+ Kh5 81.Ra7 Rf8+ 82.Ke4 Kh4 83.Rh7+ Kg3 84.Rg7+ Kf2 85.Rh7 Rf3
86.Rh8 Kg2 87.Rh7 Rg3 88.Kf4 h2 89.Rh5 Rg8  0-1

[Event "JUG-34ch"]
[Site "Bjelovar"]
[Date "1979.??.??"]
[Round "1"]
[White "Matulovic, Milan"]
[Black "Janosevic, Dragoljub"]
[Result "1/2-1/2"]
[WhiteElo "2510"]
[BlackElo "2400"]

1.e4 c5 2.Nf3 Nc6 3.d4 cxd4 4.Nxd4 Qc7 5.Nc3 e6 6.Be2 a6 7.O-O Nf6 8.Be3 d6
9.f4 Bd7 10.Qe1 b5 11.a3 Be7 12.Qg3 O-O 13.Bd3 Nxd4 14.Bxd4 Bc6 15.Rae1 Nh5
16.Qe3 Qb7 17.b4 Rae8  1/2-1/2

[Event "JUG-34ch"]
[Site "Bjelovar"]
[Date "1979.??.??"]
[Round "8"]
[White "Messing, Hrvoje"]
[Black "Janosevic, Dragoljub"]
[Result "0-1"]
[WhiteElo "2420"]
[BlackElo "2400"]

1.e4 c5 2.Nf3 Nc6 3.d4 cxd4 4.Nxd4 Qc7 5.Nc3 e6 6.Be2 a6 7.O-O Nf6 8.Be3 d6
9.f4 Bd7 10.Qe1 b5 11.a3 Be7 12.Qg3 O-O 13.Rae1 Nxd4 14.Bxd4 Bc6 15.Bd3 Nh5
16.Qh3 g6 17.f5 exf5 18.exf5 Bf6 19.Bxf6 Nxf6 20.Qh4 Kg7 21.fxg6 fxg6 22.Re6 Qb6+
23.Kh1 Nh5 24.Re7+ Kg8 25.Rfe1 Ra7 26.Ne4 Rxe7 27.Qxe7 Nf4 28.Qxd6 Nxg2 29.Kxg2 Qf2+
30.Kh3 Bxe4 31.Qe6+ Kg7 32.Qe5+ Kh6 33.Qg3 Rf3  0-1

[Event "Lloyds Bank op"]
[Site "London"]
[Date "1979.??.??"]
[Round "4"]
[White "Heaven, Peter"]
[Black "Fuster, Geza"]
[Result "0-1"]
[WhiteElo "2200"]
[BlackElo "2300"]

1.e4 c5 2.Nf3 Nc6 3.d4 cxd4 4.Nxd4 Qc7 5.Nc3 Nf6 6.g3 Nxe4 7.Ndb5 Qa5 8.Qe2 d5
9.Bd2 Nxd2 10.O-O-O Be6 11.Rxd2 a6 12.Nd4 Nxd4 13.Rxd4 g6 14.Qe5 Bh6+ 15.f4 O-O
16.Nxd5 Bxd5 17.Qxd5 Qb6 18.Qe4 e5 19.Rb4 Qd6 20.Rxb7 exf4 21.gxf4 Bxf4+
22.Qxf4 Qxf4+ 23.Kd1 Rad8+ 24.Bd3 Qf3+ 25.Kd2 Rxd3+ 26.cxd3 Qxb7 27.b3 Qxh1
28.Kc3 Rc8+  0-1

[Event "Lone Pine op"]
[Site "Lone Pine"]
[Date "1979.??.??"]
[Round "5"]
[White "Balinas, Rosendo Carrean"]
[Black "Janosevic, Dragoljub"]
[Result "0-1"]
[WhiteElo "2365"]
[BlackElo "2400"]

1.e4 c5 2.Nf3 Nc6 3.d4 cxd4 4.Nxd4 Qc7 5.Nc3 e6 6.Be2 a6 7.O-O Nf6 8.Be3 d6
9.f4 Bd7 10.Qe1 b5 11.a3 Be7 12.Qg3 O-O 13.Rad1 Nxd4 14.Rxd4 Bc6 15.e5 dxe5
16.fxe5 Ne8 17.Bd3 f5 18.exf6 Qxg3 19.hxg3 Nxf6 20.Rh4 h6 21.Bd4 Rad8 22.Kh2 e5
23.Bxe5 Rxd3 24.cxd3 g5 25.Rd4 Ng4+ 26.Rxg4 Rxf1 27.Rd4 Rf2 28.Ne4 Rxb2 29.Rd8+ Bxd8
30.Bxb2 Bxe4 31.dxe4 g4 32.Kg1 Kf7 33.Kf2 Bc7 34.Ke3 Ke6 35.Bg7 Bxg3 36.Bxh6 Bd6
37.Bg7 Bxa3 38.Kf4 b4 39.Kxg4 b3 40.Kf3 b2 41.Bxb2 Bxb2 42.Ke3 Ke5 43.Kd3 Kd6
44.Kc4 Kc6 45.Kb4 Kc7 46.Ka5 Kb7 47.Kb4 Kb6 48.Kc4 a5  0-1

[Event "Marshall op"]
[Site "New York"]
[Date "1979.??.??"]
[Round "3"]
[White "Zuckerman, Bernard"]
[Black "Burger, Karl"]
[Result "1/2-1/2"]
[WhiteElo "2480"]
[BlackElo "2365"]

1.e4 c5 2.Nf3 Nc6 3.d4 cxd4 4.Nxd4 Qc7 5.Nc3 e6 6.g3 a6 7.Bg2 Nge7 8.Nb3 d6
9.f4 g6 10.Be3 Bg7 11.Qd2 Bd7 12.O-O-O Nc8 13.Kb1 b5 14.g4 b4 15.Ne2 a5 16.e5  1/2-1/2

[Event "Marshall op"]
[Site "New York"]
[Date "1979.??.??"]
[Round "5"]
[White "Paolozzi, Marcos"]
[Black "Fuster, Geza"]
[Result "1-0"]
[WhiteElo "2375"]
[BlackElo "2300"]

1.e4 c5 2.Nf3 Nc6 3.d4 cxd4 4.Nxd4 Qc7 5.Nc3 Nf6 6.Be2 e6 7.O-O a6 8.Be3 b5
9.a3 Bb7 10.Nxc6 Bxc6 11.Qd4 Bd6 12.Kh1 Be5 13.Qd3 O-O 14.Bd4 d6 15.Rad1 Rfd8
16.Qe3 Rab8 17.Bxe5 dxe5 18.Qc5 Rdc8 19.f3 Be8 20.Qxc7 Rxc7 21.Rd2 Kf8 22.Nd1 a5
23.Ne3 Ke7 24.Kg1 Nd7 25.Kf2 Nb6 26.b3 Rc3 27.Rd3 Rxd3 28.Bxd3 Rc8 29.Ke2 g6
30.Rb1 f5 31.g4 f4 32.Nd1 g5 33.Kd2 h5 34.h3 hxg4 35.hxg4 Bd7 36.Nc3 Rh8
37.Nxb5 Rh3 38.Rf1 Nc8 39.b4 axb4 40.axb4 Kd8 41.Na3 Ne7 42.b5 Kc7 43.Kc3 Ng6
44.Kb4 Nh4 45.Be2 Ng2 46.Nc4 Bc8 47.Rf2 Ne1 48.Kc3 Rg3 49.Nxe5 Kd6 50.Nd3 Nxd3
51.cxd3 e5 52.d4 Kc7 53.dxe5 Be6 54.Bc4 Kd7 55.Bxe6+ Kxe6 56.b6 Rg1 57.Rb2 Rd1
58.Kc4 Rc1+ 59.Kb5 Rc8 60.b7  1-0

[Event "Marshall op"]
[Site "New York"]
[Date "1979.??.??"]
[Round "9"]
[White "Plaskett, Jim"]
[Black "Fuster, Geza"]
[Result "1-0"]
[WhiteElo "2410"]
[BlackElo "2300"]

1.e4 c5 2.Nf3 Nc6 3.d4 cxd4 4.Nxd4 Qc7 5.Nc3 e6 6.Be2 a6 7.O-O Nf6 8.Be3 b5
9.Nxc6 dxc6 10.f4 Bb7 11.e5 Nd5 12.Nxd5 cxd5 13.Bd4 Bc5 14.c3 O-O 15.a4 b4
16.Rc1 Qb6 17.Bxc5 Qxc5+ 18.Qd4 Qxd4+ 19.cxd4 Rfc8 20.a5 Bc6 21.Kf2 Bb5 22.Bxb5 axb5
23.Rxc8+ Rxc8 24.Ra1 b3 25.a6 Ra8 26.a7 Kf8 27.g4 Ke7 28.h4 Kd7 29.f5 Ke8
30.Ra6 Ke7 31.Kf3 exf5 32.gxf5 Kd7 33.Ke3 Kc7 34.Kf4 Kb7 35.Ra3 Kb6 36.e6 f6
37.e7 Kb7 38.h5 h6 39.Ra1 b4 40.Kg4  1-0

[Event "URS Spartakiad"]
[Site "URS"]
[Date "1979.??.??"]
[Round "?"]
[White "Semenova, Lidia K"]
[Black "Khasanova, Elmira"]
[Result "1-0"]
[WhiteElo "2245"]
[BlackElo "2000"]

1.e4 c5 2.Nf3 Nc6 3.d4 cxd4 4.Nxd4 Qc7 5.Nc3 e6 6.Be2 Nf6 7.O-O Be7 8.Be3 O-O
9.f4 d6 10.Kh1 a6 11.a4 Nxd4 12.Bxd4 e5 13.Be3 exf4 14.Rxf4 Be6 15.Nd5 Bxd5
16.exd5 Nd7 17.Rc4 Qa5 18.b4 Qd8 19.a5 Rc8 20.Rxc8 Qxc8 21.c4 Ne5 22.c5 Qf5
23.Rc1 dxc5 24.bxc5 Rd8 25.Qb3 Qe4 26.d6 Bf6 27.Bc4 Nxc4 28.Rxc4 Qc6 29.Rb4 Rd7
30.Qc4 Bd8 31.Qg4 Bxa5 32.Re4 Rd8 33.Bd4 g6 34.Qh4 Qb5 35.h3 Qf1+ 36.Kh2 Qf5  1-0

[Event "URS Spartakiad"]
[Site "URS"]
[Date "1979.??.??"]
[Round "?"]
[White "Zivaeva, Tatiana"]
[Black "Khasanova, Elmira"]
[Result "0-1"]
[WhiteElo "2000"]
[BlackElo "2000"]

1.e4 c5 2.Nf3 Nc6 3.d4 cxd4 4.Nxd4 Qc7 5.Nc3 e6 6.g3 a6 7.Bg2 Nf6 8.O-O Be7
9.Re1 Nxd4 10.Qxd4 Bc5 11.Qd1 d6 12.Be3 O-O 13.h3 Bd7 14.Qd3 Rfd8 15.Rad1 Bxe3
16.Qxe3 Bc6 17.Rd2 b5 18.Red1 Rac8 19.e5 Ne8 20.Bxc6 Qxc6 21.Ne4 d5 22.Qg5 Qc4
23.Nf6+ Kh8 24.Nh5 h6 25.Qf4 Qxf4 26.Nxf4 Rc4 27.c3 Rdc8 28.Rd4 Nc7 29.Ne2 Kg8
30.b3 Rc6 31.f4 Na8 32.Kf2 Nb6 33.Ke3 Nd7 34.Rc1 Kf8 35.a4 Ke7 36.g4 g5 37.axb5 axb5
38.Rb4 Rc5 39.Ra1 Kd8 40.Ra5 Rb8 41.Kd4 Kc7 42.Ra7+ Rb7 43.Ra1 Kb6 44.c4 dxc4
45.bxc4 gxf4 46.Nxf4 Rxc4+ 47.Rxc4 bxc4 48.Ne2 Nb8 49.Rb1+ Kc7 50.Rf1 Nc6+
51.Ke4 Kb6 52.Nd4 Kc5 53.Nxc6 Kxc6 54.Kd4 c3 55.Kxc3 Kd5 56.Rf6 h5 57.g5 Rc7+
58.Kd3 Kxe5 59.h4 Rd7+ 60.Ke2 Rd4 61.Rxf7 Rxh4 62.g6 Rg4 63.Rh7 Rxg6 64.Rxh5+ Kf4
65.Rh7 Rg2+ 66.Kf1 Rg3 67.Rh4+ Kf3 68.Rh5 Kf4 69.Rh4+ Kg5 70.Ra4 e5 71.Kf2 Rb3
72.Ke2 Kf5 73.Ra8 Kf4 74.Rf8+ Ke4 75.Ra8 Rb2+ 76.Ke1 Kf4 77.Ra4+ e4 78.Ra3 Rg2
79.Ra4 Rg3 80.Kf2 Rf3+ 81.Ke2 Rg3 82.Ra1 Rg2+ 83.Kf1 Kf3  0-1